Statistics for All Female Senators in U.S History

Click here to take the quiz!

General Stats

  • This quiz has been taken 49 times
    (11 since last reset)
  • The average score is 38 of 60

Answer Stats

Answer% Correct
Cindy Hyde-Smith
100%
Dianne Feinstein
100%
Hillary Clinton
100%
Kamala Harris
100%
Margaret Chase Smith
100%
Tina Smith
100%
Amy Klobuchar
88%
Barbara Boxer
88%
Claire McCaskill
88%
Elizabeth Warren
88%
Joni Ernst
88%
Kirsten Gillibrand
88%
Kyrsten Sinema
88%
Lisa Murkowski
88%
Susan Collins
88%
Tammy Baldwin
88%
Tammy Duckworth
88%
Blanche Lincoln
75%
Debbie Stabenow
75%
Elizabeth Dole
75%
Heidi Heitkamp
75%
Jacky Rosen
75%
Katie Britt
75%
Kelly Ayotte
75%
Kelly Loeffler
75%
Maggie Hassan
75%
Maria Cantwell
75%
Marsha Blackburn
75%
Mazie Hirono
75%
Patty Murray
75%
Shelley Moore Capito
75%
Catherine Cortez-Masto
63%
Cynthia Lummis
63%
Deb Fischer
63%
Jeanne Shaheen
63%
Laphonza Butler
63%
Martha McSally
63%
Mary Landrieu
63%
Olympia Snowe
63%
Barbara Mikulski
50%
Kay Bailey Hutchison
50%
Kay Hagan
50%
Carol Moseley Braun
38%
Maurine B. Neuberger
38%
Nancy Landon Kassebaum
38%
Paula Hawkins
38%
Rose McConnell Long
38%
Dixie Bibb Graves
25%
Elaine S. Edwards
25%
Eva K. Bowring
25%
Gladys Pyle
25%
Hattie W. Caraway
25%
Hazel H. Abel
25%
Jean Carnahan
25%
Jocelyn B. Burdick
25%
Maryon P. Allen
25%
Muriel B. Humphrey
25%
Rebecca L. Felton
25%
Sheila Frahm
25%
Vera C. Bushfield
13%

Score Distribution

Percentile by Number Answered

Percent of People with Each Score

Your Score History

You have not taken this quiz since the last reset